| Tag |
First Indicator |
Second Indicator |
Subfields |
| LEADER |
00000pam a2200000 a 4500 |
| 001 |
in00000092006 |
| 005 |
20151008064120.0 |
| 008 |
810729s1982 nyu bd 00110 eng |
| 010 |
|
|
|a 81012945
|
| 020 |
|
|
|a 0471091219
|
| 020 |
|
|
|a 0471091197 (pbk.)
|
| 035 |
|
|
|a (OCoLC)07739420
|
| 035 |
|
|
|9 AAK3560AM
|
| 039 |
0 |
|
|a 2
|b 3
|c 3
|d 3
|e 3
|
| 040 |
|
|
|a DLC
|c DLC
|d TXA
|d UtOrBLW
|
| 049 |
|
|
|a TXAM
|c [800987]
|
| 050 |
0 |
0 |
|a JA61
|b .C47
|
| 082 |
0 |
|
|a 350/.0003
|2 19
|
| 100 |
1 |
|
|a Chandler, Ralph C.,
|d 1934-
|
| 245 |
1 |
4 |
|a The public administration dictionary /
|c Ralph C. Chandler, Jack C. Plano.
|
| 264 |
|
1 |
|a New York :
|b Wiley,
|c [1982]
|
| 264 |
|
4 |
|c ©1982
|
| 300 |
|
|
|a ix, 406 pages ;
|c 24 cm.
|
| 336 |
|
|
|a text
|b txt
|2 rdacontent
|
| 337 |
|
|
|a unmediated
|b n
|2 rdamedia
|
| 338 |
|
|
|a volume
|b nc
|2 rdacarrier
|
| 500 |
|
|
|a Includes index.
|
| 504 |
|
|
|a Bibliography: pages 383-385.
|
| 650 |
|
0 |
|a Public administration
|v Dictionaries.
|
| 700 |
1 |
|
|a Plano, Jack C.
|
| 999 |
|
|
|a MARS
|
| 999 |
f |
f |
|s b3116884-b324-3f23-b97a-6fbab52fe312
|i 05fb0fa5-8bb7-3702-b699-6f7c3e459e76
|t 0
|